000 00283nam a2200109Ia 4500
008 190907s9999||||xx |||||||||||||| ||und||
100 _aDavid,Lowe
245 0 _aHypermedia and the web an Engineering Approach
260 _aNew york
_bAddison-Wesley
_c1999
300 _a599
942 _cBK
999 _c6615
_d6615